000 00794nas a2200253 4500
001 BR0600832
003 BR-BrBNA
005 20231205105850.0
007 ta
008 230509b bl.|||p| |||| 00| 00por d
040 _aBR-BrBNA
_bpor
_cBiblioteca Nacional de Agricultura
041 _a(Pt)
072 _aF70
100 1 _aKaffer, M.I.
100 1 _aMazzitelli, S.M.A.M.
245 1 _aFungos liquenizados corticícolas e terrícolas da área da sub-bacia do Sinos e Taquari-Antas, RS, Brasil
650 _aLIQUEN
650 _aFLORA
650 _aBACIA HIDROGRÁFICA
650 _aRIO GRANDE DO SUL
773 0 _tActa Botanica Brasilica (Brazil)
_xISSN 0102-3306
_g(Oct-Dec 2005), v. 19(4) p. 813-817
_wBR0600832
909 _a202311
_bLúcia
_c55
_dLúcia Elande
942 _2AGRIS
_n0
_cANA
999 _c185085
_d185085